000 01085cam a2200217 4500
001 WB3811-23
008 020320n2002 000 0 eng u
035 _a(Sirsi) u117188
245 _aBroadband breakthrough
260 _c2002
490 _aDTI Press Release
_v(175) 19 March 2002, (5)
520 _aE-Commerce Minister Douglas Alexander reveals regional broadband projects across the UK including a broadband town, wired up business parks, broadband links to schools, health-centres and libraries, and trials of satellite and wireless technologies. The broadband projects will be managed by regional development agencies (RDAs) and financed by a £30m government fund allocated in October 2001. http://www.nds.coi.gov.uk/coi/coipress.nsf/2b45e1e3ffe090ac802567350059d840/a86d20beeb0f8f9480256b81003fcc29?OpenDocument
590 _aWB
650 _aREGIONAL DEVELOPMENT AGENCIES
650 _aINTERNET
650 _aBROADBAND
650 _aWIRELESS TECHNOLOGY
650 _aE-COMMERCE
690 _aMANAGEMENT-BUSINESS MANAGEMENT-INFORMATION MANAGEMENT
942 _n0
999 _c69818
_d69818